000
00338nam a22001457a 4500
008
221220b ||||| |||| 00| 0 eng d
020
_a
9780883851586
041
_a
eng
080
_a
51
082
_a
51MEI
100
_a
22.2
101
_a
MATE
245
_a
WRITING IN THE TEACHING LEARNING OF MATHEMATICS
_c
MEIER J
942
_2
udc
_c
BK
999
_c
59215
_d
59215